000 00828nam a22002057a 4500
999 _c19840
_d19840
003 AR-CdUCM
008 190522b ||||| |||| 00| 0 spa d
040 _aMUNICIPALIDAD PROVINCIAL DEL CUSCO
_cBIBLIOTECA MUNICIPAL DEL CUSCO
082 _22ed
_a299.85 /
_bM26
100 _aMarzal, Manuel María
_931231
245 _aLa transformación religiosa peruana /
260 _aLima :
_bPontificia Universidad Católica del Perú,
_c1988.
300 _a458 páginas ;
_c21 cm.
505 _aContenido: La transformación religiosa del Perú -- La sociedad indígena en la segunda mitad del XVII -- Una polémica sobre la evangelización indígena...
650 _aIndígenas del Perú
_95715
650 _aReligión y mitología
_96042
650 _aAspectos religiosos
_916844
942 _2ddc
_cLIBROS
945 _adavv
_d2019-05-22